Normal view
MARC view
- Hydroelectric power
Entry Topical Term
001 - CONTROL NUMBER
- control field: 8619
003 - CONTROL NUMBER IDENTIFIER
- control field: OSt
005 - DATE AND TIME OF LATEST TRANSACTION
- control field: 20110106104545.0
008 - FIXED-LENGTH DATA ELEMENTS
- fixed length control field: 110106|||a|||||| | ||| d
040 ## - CATALOGING SOURCE
- Original cataloging agency: OSt
- Transcribing agency: OSt
150 ## - HEADING--TOPICAL TERM
- Topical term or geographic name as entry element: Hydroelectric power
670 ## - SOURCE DATA FOUND
- Source citation: Work cat.: (OSt): Symposium on Electrical Power of the United Nations Economic Commission for Europe, Greece 1979 8617, Hydroelectricity prospects in the new energy situation, c1981
670 ## - SOURCE DATA FOUND
- Source citation: Work cat.: (OSt): Symposium on Electrical Power of the United Nations Economic Commission for Europe, Greece 1979 8617, Hydroelectricity prospects in the new energy situation, c1981
